| 000 | 00439nam a22001457a 4500 | ||
|---|---|---|---|
| 003 | OSt | ||
| 005 | 20211123151652.0 | ||
| 008 | 211123b ||||| |||| 00| 0 eng d | ||
| 040 | _cAIMIT LIBRARY | ||
| 100 |
_aCleetus, Lidia;Crasta, Laveena C. _d192012 _910783 |
||
| 245 | _aDisease detection and Insect Identification. | ||
| 260 |
_aTechtern Pvt Ltd., Kerala _bLaveena C Crasta. _c2021 |
||
| 856 | _uhttps://techtern.in | ||
| 942 |
_2ddc _cPRO |
||
| 999 |
_c220739 _d220739 |
||